A statistical approach to neural networks for pattern recognition

Gorde:
Xehetasun bibliografikoak
Egile nagusia:  Dunne, Robert A
Formatua: Sách
Hizkuntza:Undetermined
Argitaratua:  Wiley  2007
Gaiak:
Etiketak: Etiketa erantsi
Etiketarik gabe, Izan zaitez lehena erregistro honi etiketa jartzen!
Thư viện lưu trữ: Trung tâm Thư viện - Trường Đại học Công nghiệp TP. Hồ Chí Minh
LEADER 00524nam a2200157Ia 4500
001 UIH_07261
008 231011s9999 xx 000 0 und d
082 |a  006.32 
100 |a  Dunne, Robert A 
245 0 |a  A statistical approach to neural networks for pattern recognition 
245 0 |c  Dunne, Robert A 
260 |b  Wiley 
260 |c  2007 
650 |a  Mạng lưới (Khoa học máy tính);  
927 |a Sách 
980 |a Trung tâm Thư viện - Trường Đại học Công nghiệp TP. Hồ Chí Minh